000 00245nam a2200097 a 4500
005 20200929164933.0
008 100308s1986 000 spa d
245 0 _aEducación y lucha de clase.
260 _aSanto Domingo,
_c1986.
999 _c16140
_d16140
040 _aDO-SdBNP